The boy at the end of the world / (Record no. 4484)

MARC details
000 -LEADER
fixed length control field 00909nam a22002897a 4500
001 - CONTROL NUMBER
control field 4484
003 - CONTROL NUMBER IDENTIFIER
control field FISKH
005 - DATE AND TIME OF LATEST TRANSACTION
control field 20240912085235.0
008 - FIXED-LENGTH DATA ELEMENTS--GENERAL INFORMATION
fixed length control field 240912b cb ||||| |||| 00| 0 eng d
020 ## - INTERNATIONAL STANDARD BOOK NUMBER
International Standard Book Number 9780545478144
040 ## - CATALOGING SOURCE
Original cataloging agency FISKH
Language of cataloging eng
Transcribing agency FISKH
Modifying agency FISKH
050 ## - LIBRARY OF CONGRESS CALL NUMBER
Classification number PZ7.V2744
082 ## - DEWEY DECIMAL CLASSIFICATION NUMBER
Edition number 415
100 ## - MAIN ENTRY--PERSONAL NAME
Personal name Eekhout, Greg van
Dates associated with a name 1967-
245 ## - TITLE STATEMENT
Title The boy at the end of the world /
Statement of responsibility, etc. Greg van Eekhout
250 ## - EDITION STATEMENT
Edition statement First printing in 2012
260 ## - PUBLICATION, DISTRIBUTION, ETC.
Place of publication, distribution, etc. New York :
Name of publisher, distributor, etc. Scholastic,
Date of publication, distribution, etc. 2012.
300 ## - PHYSICAL DESCRIPTION
Extent 213 pages :
Dimensions 20 cm
505 ## - FORMATTED CONTENTS NOTE
Formatted contents note R<br/>
520 ## - SUMMARY, ETC.
Summary, etc. Born half-grown in a world that is being destroyed, Fisher has instinctive knowledge of many things, including that he must avoid the robot that knows his name.
521 8# - TARGET AUDIENCE NOTE
Target audience note 730L<br/>
Source Lexile<br/>
521 8# - TARGET AUDIENCE NOTE
Target audience note R<br/>
Source Raz-Plus<br/>
650 ## - SUBJECT ADDED ENTRY--TOPICAL TERM
Source of heading or term Science fiction
Topical term or geographic name entry element Survival
Form subdivision Robots
650 ## - SUBJECT ADDED ENTRY--TOPICAL TERM
Source of heading or term Animals
Topical term or geographic name entry element Tween
942 ## - ADDED ENTRY ELEMENTS (KOHA)
Source of classification or shelving scheme Dewey Decimal Classification
Koha item type Books
Suppress in OPAC No
Holdings
Withdrawn status Lost status Source of classification or shelving scheme Damaged status Not for loan Collection Home library Current library Shelving location Date acquired Total Checkouts Full call number Barcode Date due Date last seen Date last checked out Copy number Price effective from Koha item type
    Dewey Decimal Classification     Fiction Footprints International School Library Network Toul Kork Campus Footprints International School Library Network Toul Tom Poung Campus   09/12/2024 1 EEK 415 PZ7.V2744 2024-1917 06/06/2025 05/23/2025 05/23/2025 1 09/12/2024 Books